[Event "POL-chT U19 2nd League"]
[Site "Krynica"]
[Date "2001.??.??"]
[Round "5"]
[White "Zielinski, Przemyslaw"]
[Black "Kamieniecki, Tomasz"]
[Result "1-0"]
[WhiteElo "2185"]
[BlackElo "2085"]
[PlyCount "55"]
[EventDate "2001.07.16"]
[EventType "team-swiss"]
[EventRounds "11"]
[EventCountry "POL"]
[SourceTitle "EXT 2003"]
[Source "ChessBase"]
[SourceDate "2002.11.25"]
[SourceVersion "1"]
[SourceVersionDate "2002.11.25"]
[SourceQuality "1"]
[WhiteTeam "Krakow Korona U19"]
[BlackTeam "Koszalin Hetman Politechnika U19"]
[WhiteTeamCountry "POL"]
[BlackTeamCountry "POL"]

1. e4 c6 2. Nf3 d5 3. Nc3 Bg4 4. h3 Bxf3 5. Qxf3 dxe4 6. Nxe4 Nf6 7. Nxf6+ gxf6 8. c3 e6 9. d4 Bd6 10. Be2 Nd7 11. 0-0 Qc7 12. b4 0-0-0 13. Rb1 Rhg8 14. c4 e5 15. c5 Be7 16. b5 cxb5 17. Bxb5 exd4 18. c6 Nb6 19. cxb7+ Kb8 20. Bf4 Bd6 21. Rfc1 Qe7 22. Rc8+ Rxc8 23. bxc8Q+ Rxc8 24. Qa3 Rd8 25. Bc6 Kc7 26. Qxa7+ Kxc6 27. Rxb6+ Kd5 28. Rxd6+ 1-0